000 00704nam a2200229 a 4500
001 BRCA_3766
005 20190320204421.0
008 960403s1995 mx-a---##b---#001-0#spa-#
020 _a9682445949
041 _aspa
044 _amx
050 4 _aN7830
_b.C33 1995
100 1 _aCabral Pérez, Ignacio
_d1935-
_99817
245 1 0 _aLos símbolos cristianos
_cIgnacio Cabral Pérez.
260 _aMéxico
_bTrillas
_c1995
300 _a332 p.
_bil. (algunas a color)
_c28 cm.
500 _aIncluye índice onomástico, índice analítico y glosario de términos eclesiásticos
504 _aBibliografía: p. 315-317
650 1 4 _aArte cristiano y simbolismo
_92565
902 _aREF
942 _2lcc
_cB
999 _c3495
_d3495